Falcons of the World Quiz - Statistics

General Stats
  • This quiz has been taken 10 times
  • The average score is 12 of 38
Answer Stats
Location(s) Found Bird % Correct
North America, and Caribbean American Kestrel
86%
The Americas, Europe, Asia, East North Africa, Sub-Saharan Africa, and Oceania Peregrine Falcon
86%
Europe, Asia, Africa, and North American east coast Common Kestrel
71%
Africa African Hobby
57%
Australia Australian Hobby
57%
Africa, Europe, and Asia Eurasian Hobby
57%
Australia and New Guinea Australian Kestrel
43%
Mediterranean Eleonora's Falcon
43%
Arctic Gyrfalcon
43%
Africa, Southeast Europe, parts of Asia Lanner Falcon
43%
Eurasia, North Africa, and North America Merlin
43%
Eastern Europe, Middle East, Central Asia, and China Saker Falcon
43%
Siberia and Northern China Amur Falcon
29%
North Mexico and South America Aplomado Falcon
29%
Mexico, Trinidad, and Central and South America Bat Falcon
29%
Australia and New Guinea Brown Falcon
29%
Australia Gray Falcon
29%
Mediterranean, Central Asia, China, and Mongolia Lesser Kestrel
29%
Mauritius Mauritius Kestrel
29%
Central and South America Orange-breasted Falcon
29%
Southeast Asia, Himalayas, and surrounding regions Oriental Hobby
29%
Western North America Prairie Falcon
29%
Russia, Ukraine, and surrounding regions Red-footed Falcon
29%
Seychelles Islands Seychelles Kestrel
29%
Kenya Taita Falcon
29%
Madagascar Banded Kestrel
14%
Australia Black Falcon
14%
Namibia and surrounding regions Greater Kestrel
14%
Madagascar, Mayotte, and the Comores Malagasy Kestrel
14%
New Zealand New Zealand Falcon
14%
Africa and India Red-necked Falcon
14%
Sub-Saharan Africa Rock Kestrel
14%
North Africa and parts of Middle East Sooty Falcon
14%
Southeastern Africa Dickinson's Kestrel
0%
Sub-Saharan Africa Fox Kestrel
0%
Ethiopia, Kenya, and Tanzania Gray Kestrel
0%
Indian Subcontinent Laggar Falcon
0%
Wallacea and Java Spotted Kestrel
0%
No matching quizzes found
Score Distribution
Percent of People with Each Score
Percentile by Number Answered
Your Score History
You have not taken this quiz